00318 a2200133 4500003000500000005001700005040000900022082001000031100002700041245005000068260003900118300001000157650001700167Nust20170207153127.0 cNust a297.5 aAslahi,Muhammad yousaf aAsan fiqhabvol : 1c Muhammad Yousaf Islahi alahorebIslamic publicationsc2003 a463:p aIslamic life